Catalog

Record Details

Catalog Search



Available copies

  • 1 of 1 copy available at LARL/NWRL Consortium.

Current holds

0 current holds with 1 total copy.

Show All Copies
Location Call Number / Copy Notes Barcode Shelving Location Status Due Date
Godel Memorial-Warren Library lp RIC (Text) 35500005120488 Main Available -

Record details

  • ISBN: 9781410452696 (lg. print : hc :alk. paper)
  • ISBN: 1410452697 (lg. print : hc :alk. paper)
  • Physical Description: 681 p. (large print) ; 23 cm.
  • Edition: Large print ed.
  • Publisher: Waterville, Me. : Wheeler Pub., 2012.

Content descriptions

Summary, etc.:
With nothing but brains, ambition and sheer nerve, ... Read More
Subject: Real estate developers > Fiction.
Successful people > Fiction.
Life change events > Fiction.
Large type books.
Genre: Allegories.
Didactic fiction.
Large type books.
LDR 02536cam a2200421 a 4500
001148181
003LARL_NWRL_CONSORTIUM
00520130109133653.0
008120706r20122012meu d 000 1 eng
020 . ‡a9781410452696 (lg. print : hc :alk. paper)
020 . ‡a1410452697 (lg. print : hc :alk. paper)
035 . ‡a(OCoLC)798923764
042 . ‡apcc
08200. ‡a813/.54 ‡223
1001 . ‡aRichards, Emilie, ‡d1948- ‡0(LARL_NWRL_CONSORTIUM)141058
24510. ‡aOne mountain away ‡n#1 ‡h[Large Print]/ ‡cEmilie Richards.
250 . ‡aLarge print ed.
260 . ‡aWaterville, Me. : ‡bWheeler Pub., ‡c2012.
300 . ‡a681 p. (large print) ; ‡c23 cm.
4900 . ‡aGoddesses anonymous ; ‡v#1
520 . ‡aWith nothing but brains, ambition and sheer nerve, Charlotte Hale built a career as a tough, do-anything-to-succeed real-estate developer. She's at the top of that mountain, but her life is empty. Her friends are as grasping and insincere as she has become. Far worse, she's alienated her family so completely that she's totally lost touch with her only daughter. One terrifying day, facing her own mortality, she realizes that her ambition has almost destroyed her chance at happiness. So Charlotte vows to make amends, not simply with her considerable wealth, but by offering a hand instead of a handout. Putting in hours and energy instead of putting in an appearance. Opening her home and heart instead of her wallet. With each wrenching, exhilarating decision, Charlotte finds that climbing a new mountain, one built on friendship, love and forgiveness, will teach her what it truly means to build a legacy.
650 0. ‡aReal estate developers ‡vFiction. ‡0(LARL_NWRL_CONSORTIUM)167007
650 0. ‡aSuccessful people ‡vFiction.
650 0. ‡aLife change events ‡vFiction. ‡0(LARL_NWRL_CONSORTIUM)165934
650 0. ‡aLarge type books. ‡0(LARL_NWRL_CONSORTIUM)24284
655 7. ‡aAllegories. ‡2gsafd
655 7. ‡aDidactic fiction. ‡2gsafd
655 0. ‡aLarge type books.
901 . ‡a148181 ‡bOCLC ‡c148181 ‡tbiblio

Additional Resources